Archivmaterialien zu Svend Riemer, 1905-1977

Gespeichert in:  
Bibliographische Detailangaben
1. VerfasserIn: Riemer, Svend 1905-1977 (Verfasst von)
Medienart: Elektronisch Archivmaterial
Sprache:Deutsch
In:Jahr: 2019
Online-Zugang: Archivdatenbank (Kalliope Verbundkatalog)
Verfügbarkeit prüfen: HBZ Gateway

MARC

LEADER 00000npc a22000002 4500
001 LR128284269
003 PipeLineGenerated
005 20260508112529.0
008 190606s2019 xx ||||| 00| ||ger c
100 |a Riemer, Svend  |0 (DE-588)128284269  |0 (DE-627)706962370  |d 1905-1977 
245 |a Archivmaterialien zu Svend Riemer, 1905-1977 
856 |u https://kalliope-verbund.info/gnd/128284269  |3 Archivdatenbank (Kalliope Verbundkatalog) 
ELC |a 1